Movies by Meme Image #1 - Statistics

General Stats
  • This quiz has been taken 45,754 times
  • The average score is 11 of 16
Answer Stats
Picture Hint Answer % Correct
Kevin!!! Home Alone
93%
Are you not entertained? Gladiator
90%
What if I told you... The Matrix
89%
Willy Wonka and the Chocolate Factory
86%
Look how they massacred my boy The Godfather
83%
For the better, right? Star Wars: Episode II
81%
I'm somewhat of a... Spider-Man
76%
It's been 84 years Titanic
73%
One does not simply... The Fellowship of the Ring
72%
The Great Gatsby
72%
Get in, loser Mean Girls
70%
Pulp Fiction
69%
Django Unchained
61%
That escalated quickly Anchorman
50%
Once Upon a Time in Hollywood
46%
Yeah, that'd be great Office Space
24%
No matching quizzes found
Score Distribution
Percent of People with Each Score
Percentile by Number Answered
Your Score History
You have not taken this quiz